000 00359nam a2200109Ia 4500
008 220216s9999 xx 000 0 und d
100 _aLasminingsih Mudji
245 0 _aTest results of PR 400 series and BPPs 1-20 series clones
260 _bIn: Prosidings of the Lokakarya Nasional Pemuliaan Tanaman Karet, Medan 1992; p21-32
700 _aSuyud
942 _cJS
999 _c70404
_d70404